00759nam a2200133Ia 4500008004100000041001200041082001400053100001800067245008300085260004100168510029100209650008900500650003600589231221s9999 xx 000 0 und d aEnglish aPESIT/LIB aSen, Gayathri 0aCollection Development in Engineering College Libraries [e resource : article] c1998, SeptbUniversity of PuneaPune aPaper presented and published in the Proceedings on National Seminar on 'Librarianship and Publishing Industry : Some pertinent Issues', held from 23 - 25 September 1998, at Pune organized by Department of Library and Information Science and Jayakar Library, University of Pune, Pune.  aCollection,Development,Engineering,College,Libraries,[electronic,resource,:,article] aLibrary Science, Book Selection